RC Strasbourg ou FC Metz ? Rivalités #6 - Statistiques

Statistiques générales
  • Ce quiz a été pris 398 fois
  • Le résultat moyen est 10 sur 12
Statistiques - réponses
Question Réponse % Correct
Lequel a la croix de Lorraine sur son blason ? FC Metz
99%
Lequel joue au stade Saint-Symphorien ? FC Metz
97%
Lequel est surnommé les Grenats ? FC Metz
96%
Lequel est dans le département numéro 57 ? FC Metz
95%
Lequel a compté dans ses rangs Frank Leboeuf, Kevin Gameiro et Aleksandr Mostovoï ? RC Strasbourg
94%
Lequel a déjà remporté le championnat de France de Ligue 1 ? RC Strasbourg
88%
Lequel a éliminé le FC Barcelone en 16èmes de finale de la Coupe des Coupes en 1984 ? FC Metz
81%
Lequel a le plus de participations en Coupe d’Europe ? RC Strasbourg
72%
Lequel a eu Hummel en équipementier ? RC Strasbourg
72%
Lequel a remporté le plus de Coupe de France ? RC Strasbourg
58%
Lequel est le plus ancien ? RC Strasbourg
57%
Lequel évolue en Ligue 1 cette saison (2023/24) ? Les deux
56%
Aucun quiz correspondant
Distribution des résultats
% des personnes avec chaque résultat
Percentile par nombre de réponses
Votre historique - résultats
Vous n’avez pas pris ce quiz